| 000 | 01738nam a2200409 a 4500 | ||
|---|---|---|---|
| 001 | ebr10670905 | ||
| 003 | CaPaEBR | ||
| 006 | m u | ||
| 007 | cr cn||||||||| | ||
| 008 | 090731s2010 nyu sb 001 0 eng d | ||
| 010 | _z 2009031696 | ||
| 020 | _z9781606928097 (softcover) | ||
| 020 | _z1606928090 (softcover) | ||
| 020 | _z9781613240427 (e-book) | ||
| 040 |
_aCaPaEBR _cCaPaEBR |
||
| 035 | _a(OCoLC)841171570 | ||
| 043 |
_aa-vt--- _af-ae--- _ancnq--- |
||
| 050 | 1 | 4 |
_aJC491 _b.M53 2010eb |
| 082 | 0 | 4 |
_a303.6/4 _222 |
| 100 | 1 | _aMillen, Raymond A. | |
| 245 | 1 | 4 |
_aThe political context behind successful revolutionary movements _h[electronic resource] / _cRaymond Millen. |
| 260 |
_aHauppauge, N.Y. : _bNova Science Publishers, _cc2010. |
||
| 300 | _axvii, 66 p. | ||
| 490 | 1 | _aGlobal political studies series | |
| 504 | _aIncludes bibliographical references (p. [57]-67) and index. | ||
| 504 | _aIncludes bibliographical references and index. | ||
| 505 | 0 | _aPolitical context framework -- Republic of Vietnam, 1955-63 -- Algeria, 1945-62 -- Nicaragua, 1967-79. | |
| 533 |
_aElectronic reproduction. _bPalo Alto, Calif. : _cebrary, _d2013. _nAvailable via World Wide Web. _nAccess may be limited to ebrary affiliated libraries. |
||
| 650 | 0 |
_aRevolutions _vCase studies. |
|
| 650 | 0 |
_aRevolutions _zVietnam _xEvaluation. |
|
| 651 | 0 |
_aAlgeria _xHistory _yRevolution, 1954-1962 _xEvaluation. |
|
| 651 | 0 |
_aNicaragua _xHistory _yRevolution, 1979 _xEvaluation. |
|
| 655 | 7 |
_aElectronic books. _2local |
|
| 710 | 2 | _aebrary, Inc. | |
| 830 | 0 | _aGlobal political studies series. | |
| 856 | 4 | 0 |
_uhttp://site.ebrary.com/lib/rucke/Doc?id=10670905 _zAn electronic book accessible through the World Wide Web; click to view |
| 999 |
_c61888 _d61888 |
||